000 00401nam a2200145Ia 4500
008 210210b1971 xxu||||| |||| 00| 0 eng d
082 _a923.5K BHAS
100 _aBHARATA SARAKARA.
245 _aSvatantryada agradutharu.
260 _aNew Delhi.
_bSamachara mattu Prasara Sachivalaya.,
_c1971
300 _aviii,ii,95
650 _aSubhash Chandra Bose INA
690 _aBiography
906 _a029844
999 _c81044
_d81044